000 00225nam a2200097Ia 4500
008 190216s9999||||xx |||||||||||||| ||und||
100 _aRamachandra Varma
245 0 _aHindi-Urdu Hindi Kosh
260 _bRathnagar
942 _cBK
999 _c18480
_d18480